با با ۓ اردو اور برادران يو سف (Record no. 1528)

MARC details
000 -LEADER
fixed length control field 00959 a2200229 4500
005 - DATE AND TIME OF LATEST TRANSACTION
control field 20081010110426.0
008 - FIXED-LENGTH DATA ELEMENTS--GENERAL INFORMATION
fixed length control field 081010t xxu||||| |||| 00| 0 eng d
010 ## - LCCN (DPL NO)
LC control number Ur-6969
020 ## - INTERNATIONAL STANDARD BOOK NUMBER
Terms of availability 175.00
International Standard Book Number 8180420086
035 ## - SYSTEM CONTROL NUMBER
System control number U-5546
037 ## - SOURCE OF ACQUISITION
Source of stock number/acquisition D.B.Act/pub
082 ## - DEWEY DECIMAL CLASSIFICATION NUMBER
Classification number 840.08
100 ## - MAIN ENTRY--PERSONAL NAME
Personal name ما نک ٹا لا
245 ## - TITLE STATEMENT
Title با با ۓ اردو اور برادران يو سف
Statement of responsibility, etc ما نک ٹالا
260 ## - PUBLICATION, DISTRIBUTION, ETC. (IMPRINT)
Place of publication, distribution, etc نئ دھلی
Name of publisher, distributor, etc موڈرن پبليشنگ ہا ؤس
Date of publication, distribution, etc 2005
270 ## - ADDRESS
Address 9-گولا ما ر کيٹ دريا گنج
City نئ دھلی
Postal code 110002
Telephone number 011-23278869
300 ## - PHYSICAL DESCRIPTION
Extent 176 ص
Other physical details 22 سينٹی ميٹر
650 ## - SUBJECT ADDED ENTRY--TOPICAL TERM
Topical term or geographic name as entry element تحقيق،تنقيد، و تخليق
700 ## - ADDED ENTRY--PERSONAL NAME
Personal name پر يم گو پا ل متل
942 ## - ADDED ENTRY ELEMENTS (KOHA)
Institution code [OBSOLETE] dpl
Item type Urdu Bks
Source of classification or shelving scheme Dewey Decimal Classification
Classification part 840.08
Call number suffix ٹ ا ل
Holdings
Withdrawn status Lost status Source of classification or shelving scheme Damaged status Not for loan Collection code Home library Current library Date acquired Cost, normal purchase price Total Checkouts Full call number Barcode Date last seen Copy number Cost, replacement price Koha item type
    Dewey Decimal Classification   Not For Loan Non-fiction D.B.Act.Division D.B.Act.Division 10/10/2008 175.00   840.08 ٹ ا ل U-5546 15/09/2008 1 175.00 Urdu Bks

© Delhi Public Library
Hit Counter
free hit counter